000 00328nam a22001097a 4500
040 _cSK
082 _a333
100 _aវុន វ៉ារី
245 _aResource management and conservation; ការគ្រប់គ្រង និងអភិរក្សធនធាន
260 _aRUA
_bវុន
_c2011
942 _cKB
999 _c8823
_d8823